[Event "Moscow Aeroflot op-A"]
[Site "Moscow"]
[Date "2005.02.18"]
[Round "4"]
[White "Volkov, Sergey"]
[Black "Vaganian, Rafael A"]
[Result "1-0"]
[WhiteElo "2612"]
[BlackElo "2670"]
[Annotator "Psakhis,L"]
[PlyCount "73"]
[EventDate "2005.02.15"]
[EventType "swiss"]
[EventRounds "9"]
[EventCountry "RUS"]
[SourceTitle "CBM 106"]
[Source "ChessBase"]
[SourceDate "2005.06.06"]
[SourceVersion "1"]
[SourceVersionDate "2005.06.06"]
[SourceQuality "1"]

1. e4 e6 2. d4 d5 3. e5 b6 4. Nf3 Qd7 5. c4 $5 (5. Be2 Ba6 6. Bxa6 Nxa6 7. O-O
Ne7 8. Qe2 Nb8 9. Rd1 Nbc6 10. Nbd2 Nf5 11. Nf1 {1/2-1/2 Kuzmin,G-Vaganian,R/
Yerevan zt 1982}) (5. c3 c5 6. Bd3 Ba6 7. Bxa6 Nxa6 8. O-O Ne7 9. Qe2 Nc7 10.
b3 Nc6 11. Be3 Be7 12. Nbd2 O-O 13. Rfd1 cxd4 14. cxd4 Rfc8 $144 {0-1 Dlauchy,
P-Portisch,F/Harkany Tenkes Kupa 2000/ (43)}) 5... Ne7 (5... Bb7 6. Nc3 Bb4 7.
cxd5 Bxd5 8. Be2 Ne7 9. O-O Bb7 10. a3 Bxc3 11. bxc3 Nbc6 12. Bb5 a6 13. Bd3 h6
14. Bd2 g5 15. Qe2 Ng6 16. Rfd1 Rg8 17. Rab1 Nce7 18. Be4 Bxe4 19. Qxe4 Qc6 20.
Qxc6+ Nxc6 21. Be3 O-O-O {1/2-1/2 Zeller,F-Vaganian,R/BL 1995/ChessBase (45)})
(5... Bb4+ $5 {N} 6. Nc3 Ne7 7. a3 Bxc3+ 8. bxc3 Ba6 $5 9. cxd5 Qxd5 10. Bxa6
Nxa6 11. O-O (11. Qa4+ Qc6 12. Qxa6 Qxc3+ 13. Ke2 Qxa1 14. Qa4+ c6 15. Qb3 Nd5
$17) 11... Nb8 12. Qd3 Nbc6 13. c4 Qd7 14. Rd1 Rd8 15. Qe4 { >>g5, d5} Na5 16.
Qg4 (16. d5 Qa4 17. Bg5 Rxd5 $1 $17) 16... Nb3 $5 (16... O-O 17. Bh6 Ng6 18.
Bg5 Rc8 19. d5 $14) 17. Rb1 (17. Qxg7 Rg8 18. Qxh7 Nxa1 19. Ng5 Qc6 $17) 17...
Nxc1 18. Rbxc1 O-O 19. Ng5 f5 $5 20. exf6 Rxf6 21. Qe4 (21. h4) 21... Ng6 22.
d5 (22. h4 $14 {~~ Kupreichik,V}) 22... Nf8 23. h4 Qa4 $1 $11 {Kupreichik,
V-Vaganian,R/Berlin 1991 /ChessBase}) 6. Nc3 Bb7 7. Be3 (7. Bd3 Nbc6 8. Be3 Nb4
9. Be2 dxc4 10. Bxc4 Ned5 11. O-O Be7 12. Bb5 c6 13. Ba4 Ba6 14. Ne2 O-O 15. a3
Nxe3 16. fxe3 Nd5 17. Qd2 b5 18. Bc2 c5 19. Rad1 Rad8 20. Kh1 Bb7 21. dxc5 Bxc5
{Karklins,E-Kyaw,W/Chicago op 1996/EXT 2001/0-1 (42)}) (7. Be2 Nbc6 8. O-O dxc4
(8... Na5 9. c5 $5 Nec6 10. Be3) 9. Bxc4 Na5 $2 (9... O-O-O $1 10. Be3 Nf5 11.
d5 Nxe3 12. fxe3 Na5 13. Bb5 Qe7 $1 14. d6 cxd6 15. b4 $13) 10. Bb5 Bc6 11. Bd3
Nd5 12. Bd2 Be7 13. Ne4 (13. Rc1 $142 {#C5 #CDd5, #CCa5#A2}) 13... Bb4 (13...
Nb4 14. Bxb4 Bxb4 15. a3 Ba4 16. Bc2 $1 $16) 14. Rc1 Bb5 15. Bxb4 Bxd3 16. Qxd3
Nxb4 17. Qd2 Nd5 (17... Nxa2 18. Rc2 Nb3 19. Qe3 $16) 18. Qg5 Kf8 (18... O-O $2
19. Nf6+ Nxf6 20. exf6 g6 21. Qh6 $18) 19. Nc3 $1 $16 {1-0 Sax,G-Short,N/
London 1980/ChessBase/ (33)}) 7... h6 $146 (7... Nbc6 8. Rc1 O-O-O 9. cxd5 Nxd5
10. Nxd5 Qxd5 11. Bc4 Qa5+ 12. Kf1 Rd7 13. Qe2 g5 14. h3 Rg8 15. a3 h5 16. Bd2
g4 17. Bxa5 gxf3 18. gxf3 Nxd4 19. Qe3 Nxf3 20. Be2 Nd4 21. Rh2 bxa5 22. f4 {
Opl,K-Jurek,J/AUT-chT 1991/0-1 (38)}) 8. Rc1 Nbc6 9. a3 dxc4 (9... O-O-O 10. c5
$1 bxc5 $140 11. Na4) 10. Bxc4 Nf5 11. Qe2 Nxe3 $6 (11... Be7 12. d5 exd5 13.
Nxd5) (11... Nce7 $5) 12. fxe3 Na5 13. Bb5 $1 {We can consider that the
opening result is very favourable for White.} c6 {Black's light-squared bishop
is very passive, which determines White's clear and stable advantage.} (13...
Bc6 14. b4 $5 Bxb5 15. Qxb5 Nc6 16. O-O $16) 14. Ba4 b5 15. Bc2 (15. Nxb5 cxb5
16. Bxb5 Bc6 $13) 15... Nc4 16. Bd3 Be7 17. O-O (17. Bxc4 bxc4 18. Qxc4 $16)
17... O-O 18. Ne4 {[%csl Rc5][%cal Od3c4,Ge4f6]} a5 {A very slow approach, and
White gets a very strong initiative on the kingside, but it is a good question
whether Black already could find a better plan.} (18... c5 19. Nxc5 Bxc5 20.
dxc5 Bxf3 21. gxf3 Qc7 22. Bxc4 bxc4 23. Rxc4 Qxe5 24. b4 $18) 19. Rf2 {
[%cal Od3c4,Gc1f1]} Ba6 20. h3 $1 {[%cal Gf3h2,Gh2g4] White finds the most
unpleasant moves. The position of the king is still the main problem for Black.
} a4 21. Nh2 f5 (21... c5 $142 $5 22. Nf6+ Bxf6 23. exf6 g6 24. Qg4 $1 (24. Ng4
h5 25. Nh6+ Kh8) 24... Nxe3 25. Qf4 Nd5 26. Qxh6 Nxf6 27. Rxf6 Qxd4+ 28. Rf2
$18 Qxd3 $140 29. Ng4 f6 30. Rd2 $1) 22. exf6 Bxf6 23. Nxf6+ Rxf6 24. Rxf6 gxf6
25. Ng4 {Volkov got a clear initiative on the kingside and Black finds himself
in deep trouble.} Kg7 (25... Qg7 26. Qf3 {[%cal Rf3f6,Rf3c6]}) 26. Nxf6 $1 $18
{[%mdl 128]} Kxf6 27. Rf1+ Ke7 (27... Kg7 28. Qg4+ Kh8 29. Rf6 Qg7 30. Qxe6 $18
) 28. Qh5 (28. Qg4 $5) (28. Qf3 $1 $18 Qd5 29. Qf6+ Kd6 30. Rf5 $1) 28... Qd5 (
28... Qe8 29. Bg6 Qg8 30. Qc5+) 29. Rf7+ Kd6 30. Qxh6 Re8 (30... Ne5 31. Qf4)
31. Qf4+ {This is the beginning of the end!} e5 32. Qh6+ Qe6 (32... Re6 33.
Qf8+) 33. Rf6 exd4 34. exd4 Bc8 35. Bf5 Nxb2 36. Bxe6 Bxe6 37. Rf8 1-0

[Event "Gibraltar Masters"]
[Site "Gibraltar"]
[Date "2006.01.30"]
[Round "7"]
[White "Kobalia, Mihail"]
[Black "Volkov, Sergey"]
[Result "0-1"]
[WhiteElo "2654"]
[BlackElo "2629"]
[PlyCount "118"]
[EventDate "2006.01.24"]
[EventType "swiss"]
[EventRounds "10"]
[EventCountry "ENG"]
[SourceTitle "CBM 110 Extra"]
[Source "ChessBase"]
[SourceDate "2006.03.10"]
[SourceVersion "2"]
[SourceVersionDate "2006.03.10"]
[SourceQuality "1"]

1. e4 e6 2. d4 d5 3. Nd2 Nf6 4. e5 Nfd7 5. Bd3 c5 6. c3 Nc6 7. Ne2 cxd4 8. cxd4
f6 9. exf6 Nxf6 10. O-O Bd6 11. Nf3 O-O 12. Bf4 Bxf4 13. Nxf4 Ne4 14. Qc1 Ng5
15. Nxg5 Qxg5 16. Ne2 Qf6 17. Qd2 Bd7 18. Bb5 Nb8 19. Bd3 Be8 20. Rac1 Nc6 21.
Bb1 Bh5 22. f3 Bg6 23. Rc3 Rad8 24. Kh1 Bxb1 25. Rxb1 e5 26. dxe5 Qxe5 27. Rd3
d4 28. b4 Rfe8 29. Ng3 Qd5 30. f4 a5 31. a3 axb4 32. axb4 Ra8 33. h3 Ra2 34.
Rb2 Rxb2 35. Qxb2 b5 36. Qb1 Qd6 37. Qa2+ Qe6 38. Qa3 Qc4 39. Rd1 Qxb4 40. Qxb4
Nxb4 41. Rxd4 Nc6 42. Rd6 Rc8 43. Ne4 b4 44. Nd2 Kf8 45. Kg1 Ke7 46. Rd3 Rd8
47. Re3+ Kd6 48. Kf2 Kc5 49. Ke1 Ra8 50. Rg3 Ra1+ 51. Kf2 Ra2 52. Ke1 g6 53. f5
gxf5 54. Rg5 Nd4 55. Rg7 b3 56. Rxh7 b2 57. Rc7+ Kd6 58. Rb7 Kc6 59. Rb8 Kc7
0-1

[Event "RUS-chT 14th"]
[Site "Sochi"]
[Date "2007.05.10"]
[Round "9"]
[White "Volkov, Sergey"]
[Black "Moiseenko, Alexander"]
[Result "1-0"]
[WhiteElo "2640"]
[BlackElo "2630"]
[PlyCount "103"]
[EventDate "2007.05.02"]
[EventType "team-tourn"]
[EventRounds "9"]
[EventCountry "RUS"]
[SourceTitle "EXT 2020"]
[Source "ChessBase"]
[SourceDate "2019.10.17"]
[SourceVersion "1"]
[SourceVersionDate "2019.10.17"]
[SourceQuality "1"]
[WhiteTeam "Saransk TPS"]
[BlackTeam "Saratov Ekonomist SGSEU"]
[WhiteTeamCountry "RUS"]
[BlackTeamCountry "RUS"]

1. d4 Nf6 2. c4 e6 3. Nf3 d5 4. Nc3 Bb4 5. Qa4+ Nc6 6. e3 O-O 7. Bd2 dxc4 8.
Bxc4 Bd6 9. Rd1 e5 10. dxe5 Nxe5 11. Nxe5 Bxe5 12. Ne2 Qe7 13. Bc3 Bg4 14. Bxe5
Qxe5 15. O-O a6 16. h3 b5 17. Qa5 Bh5 18. Rd2 Ne4 19. Rc2 Nc5 20. Nf4 Nb7 21.
Qb4 c5 22. Qc3 Qxc3 23. Rxc3 bxc4 24. Nxh5 Nd6 25. Rd1 Rfd8 26. Ng3 g6 27. Rc2
Kf8 28. Kf1 Ke7 29. Ke1 Rab8 30. Ne2 f5 31. Nc3 Rdc8 32. Rd5 Rc6 33. Kd1 Ke6
34. Rcd2 Rb7 35. f3 Rb8 36. Kc1 Rb7 37. g4 Rb8 38. g5 Nf7 39. f4 Rb7 40. h4 Rd6
41. Kc2 Rbd7 42. Rxd6+ Rxd6 43. Na4 Rc6 44. Rd1 Nd6 45. Nc3 Rc8 46. h5 Nb5 47.
h6 Rb8 48. Na4 Rc8 49. Nb6 Rc6 50. Nxc4 Nc7 51. Ne5 Rb6 52. Nd7 1-0

[Event "RUS-ch Higher League 62nd"]
[Site "Ulan-Ude"]
[Date "2009.09.06"]
[Round "5"]
[White "Volkov, Sergey"]
[Black "Kurnosov, Igor"]
[Result "1-0"]
[WhiteElo "2616"]
[BlackElo "2669"]
[PlyCount "135"]
[EventDate "2009.09.02"]
[EventType "swiss"]
[EventRounds "11"]
[EventCountry "RUS"]
[SourceTitle "CBM 132"]
[Source "ChessBase"]
[SourceDate "2009.09.16"]
[SourceVersion "1"]
[SourceVersionDate "2009.09.16"]
[SourceQuality "1"]

1. d4 Nf6 2. c4 g6 3. f3 Bg7 4. e4 d6 5. Ne2 O-O 6. Be3 a6 7. Na3 Nc6 8. Qd2
Re8 9. Nc2 b5 10. Nc3 b4 11. Nd5 a5 12. Be2 e5 13. Nxf6+ Bxf6 14. d5 Nb8 15. c5
dxc5 16. Bxc5 c6 17. d6 Bh4+ 18. g3 Bg5 19. Be3 Bxe3 20. Nxe3 Ra7 21. O-O-O Be6
22. Bc4 Qf6 23. Ng4 Qxf3 24. Be2 Qxg4 25. Bxg4 Bxg4 26. Qe3 Rb7 27. Rd2 Nd7 28.
Kb1 Rc8 29. Rf2 Kg7 30. Rhf1 Be6 31. g4 c5 32. h4 h6 33. g5 h5 34. Rf6 Nxf6 35.
gxf6+ Kh7 36. Rg1 Rd7 37. Rg5 Bg4 38. Qd2 Rc6 39. Rxe5 Rcxd6 40. Rd5 Rxd5 41.
exd5 Rd6 42. Qe3 Rxf6 43. Qxc5 Rf4 44. Kc1 a4 45. Kd2 b3 46. axb3 axb3 47. Kc3
Rf3+ 48. Kc4 Bf5 49. Qf8 Bg4 50. Kb4 Bh3 51. Qe7 Kg7 52. Qe4 Bg4 53. d6 Rh3 54.
Ka3 Be6 55. d7 Bxd7 56. Qd4+ Kg8 57. Qxd7 Rf3 58. Qe8+ Kg7 59. Qe4 Rh3 60. Qd4+
Kg8 61. Kb4 Rf3 62. Kc4 Kf8 63. Kd5 Kg8 64. Kd6 Rh3 65. Qe4 Kf8 66. Kd7 Kg8 67.
Ke7 Rh2 68. Qf3 1-0

[Event "EU-ch 12th"]
[Site "Aix les Bains"]
[Date "2011.04.02"]
[Round "11"]
[White "Volkov, Sergey"]
[Black "Sutovsky, Emil"]
[Result "1-0"]
[WhiteElo "2621"]
[BlackElo "2692"]
[Annotator "Krasenkow,M"]
[PlyCount "51"]
[EventDate "2011.03.22"]
[EventType "swiss"]
[EventRounds "11"]
[EventCountry "FRA"]
[SourceTitle "CBM 142 Extra"]
[Source "ChessBase"]
[SourceDate "2011.06.27"]
[SourceVersion "1"]
[SourceVersionDate "2011.06.27"]
[SourceQuality "1"]

1. d4 Nf6 2. c4 g6 3. Nc3 d5 4. cxd5 Nxd5 5. e4 Nxc3 6. bxc3 Bg7 7. Be3 c5 8.
Qd2 Qa5 9. Rc1 O-O 10. Nf3 Bg4 11. Be2 e6 {This old way is quite sufficient
for equality.} 12. d5 (12. h3 Bxf3 13. Bxf3 Nc6 14. d5 exd5 15. exd5 Ne5 16.
Be2 c4 17. f4 Nd7 18. O-O {0-1 Van Kooten,H-Davies,N (2515)/Vlissingen 1998/
EXT 1999 (25)} Nf6 19. Bxc4 Rad8 $11) 12... exd5 13. exd5 Nd7 $6 (13... Bxf3
14. Bxf3 c4 15. O-O Nd7 16. d6 Ne5 17. Bxb7 Rad8 18. Bg5 Rd7 19. Rb1 $1 f6 20.
Bf4 Rfd8 21. Rfd1 $16 {1/2 Kasparov,G (2630)-Kouatly,B/Graz 1981/EXT 1999 (26)}
) (13... c4 $1 {is classic and good:} 14. O-O Nd7 15. Rfd1 Rfe8 $5 (15... Rac8
16. Bd4 Bxf3 17. Bxg7 Bxe2 18. Bxf8 Bxd1 19. Bb4 Qd8 20. Rxd1 Ne5 $11 {1/2
Petran,P (2400)-Kouatly,B (2470)/Budapest 1987/CBM 005 (62)}) 16. Bg5 $6 (16.
h3 Bxf3 17. Bxf3 Ne5 18. Be2 Rad8 $11) 16... Bf6 $6 (16... Nc5 $1 $15) 17. Bxf6
Nxf6 18. Qf4 Kg7 19. h3 Bxf3 20. Bxf3 Rac8 21. g4 Qc5 22. d6 $14 {Horvath
T-Banas J/Satu Mare 1980}) 14. c4 {This structure is already inferior for
Black, and GM Emil Sutovsky fails to prove the opposite.} Qa3 (14... Qxd2+ 15.
Kxd2 Nf6 16. Bd3 Bxf3 17. gxf3 b6 18. Bc2 $6 (18. a4 $14) 18... b5 19. cxb5
Nxd5 20. Be4 Rad8 21. Bxd5 Rxd5+ 22. Ke2 Bd4 $11 {1/2 Melkumyan,H (2530)
-Malisauskas,V (2489)/Warsaw 2009/CBM 131 Extra (35)}) 15. O-O Rae8 16. Rfe1 (
16. Rb1 $5) 16... f5 $6 {A wrong idea. Black fails to push ...f5-f4 and just
weakens his position.} (16... Bf5 $5 {[%cal Rg7b2]} 17. Nh4 Be4) 17. d6 $1 Kh8
18. h3 Bxf3 $6 (18... Bh5 $142 19. Bg5 {[%cal Rg5e7]} (19. Bh6 Qb4 $1) 19...
Nf6 $14) 19. Bxf3 Ne5 20. Bg5 $1 {[%cal Rg5e7,Rf3b7]} (20. Bxb7 $143 Nd3) 20...
h6 (20... Nxf3+ 21. gxf3 $18 {[%cal Rd6d7]}) 21. Be7 Kh7 22. Bxb7 Nd3 23. d7
Nxc1 24. Bxf8 Rxf8 25. Re8 Rf7 26. d8=Q 1-0

[Event "Khanty-Mansiysk Governor Cup-A 9th"]
[Site "Khanty-Mansiysk"]
[Date "2013.12.06"]
[Round "9"]
[White "Lysyj, Igor"]
[Black "Volkov, Sergey"]
[Result "0-1"]
[WhiteElo "2666"]
[BlackElo "2615"]
[PlyCount "130"]
[EventDate "2013.11.28"]
[EventType "swiss"]
[EventRounds "9"]
[EventCountry "RUS"]
[SourceTitle "CBM 157 Extra"]
[Source "ChessBase"]
[SourceDate "2013.12.19"]
[SourceVersion "1"]
[SourceVersionDate "2013.12.19"]
[SourceQuality "1"]

1. d4 d5 2. c4 c6 3. Nc3 Nf6 4. e3 a6 5. Nf3 b5 6. b3 Bg4 7. Bd3 Nbd7 8. O-O e6
9. Bb2 Be7 10. cxd5 cxd5 11. a4 b4 12. Ne2 Ne4 13. Ne1 Nd6 14. f3 Bh5 15. Ng3
Bg6 16. e4 dxe4 17. fxe4 O-O 18. Nf3 Nb7 19. Rb1 Na5 20. Ba1 Kh8 21. Kh1 Qb6
22. Qe2 Qb7 23. Qe3 Qb6 24. Qd2 Kg8 25. Rfe1 Rfe8 26. Qe2 Rf8 27. Qd2 Rfe8 28.
Qe2 Rf8 29. Nf5 Bf6 30. Ne3 Rfe8 31. e5 Be7 32. d5 Bc5 33. Bxg6 hxg6 34. Nc4
Nxc4 35. bxc4 Rac8 36. Ng5 Be7 37. Ne4 exd5 38. cxd5 Bf8 39. Ng5 Nxe5 40. Bxe5
f6 41. d6 Rxe5 42. Qg4 Rxe1+ 43. Rxe1 Qe3 44. Qd1 Qxg5 45. Qb3+ Kh7 46. Qh3+
Qh6 47. Qxc8 Bxd6 48. Qh3 Qxh3 49. gxh3 Be5 50. Kg2 b3 51. Kf3 g5 52. Ke4 b2
53. Kd3 Bxh2 54. Kc2 Be5 55. Re4 g6 56. Rc4 f5 57. Rc6 g4 58. hxg4 fxg4 59. Re6
Bf4 60. Kxb2 g3 61. Re1 Kh6 62. Kc2 Kg5 63. Kd3 Kg4 64. Ke4 Bb8 65. Re2 Ba7 0-1

[Event "Khanty-Mansiysk Governor Cup 12th"]
[Site "Khanty-Mansiysk"]
[Date "2016.11.22"]
[Round "6"]
[White "Volkov, Sergey"]
[Black "Goganov, Aleksey"]
[Result "1-0"]
[WhiteElo "2618"]
[BlackElo "2643"]
[PlyCount "115"]
[EventDate "2016.11.17"]
[EventType "swiss"]
[EventRounds "9"]
[EventCountry "RUS"]
[SourceTitle "CBM 175 Extra"]
[Source "ChessBase"]
[SourceDate "2016.12.12"]
[SourceVersion "1"]
[SourceVersionDate "2016.12.12"]
[SourceQuality "1"]

1. d4 d5 2. c4 c6 3. Nf3 Nf6 4. e3 Bg4 5. h3 Bh5 6. Nc3 e6 7. g4 Bg6 8. Ne5
Nbd7 9. Nxg6 hxg6 10. g5 Ne4 11. Nxe4 dxe4 12. h4 Bb4+ 13. Bd2 Qa5 14. a3 Bxd2+
15. Qxd2 Qxd2+ 16. Kxd2 f5 17. gxf6 gxf6 18. Be2 Kf7 19. Rag1 Rh6 20. h5 g5 21.
Rg3 Rg8 22. Rhg1 Nb6 23. Kc3 Nc8 24. f4 exf3 25. Bxf3 Nd6 26. e4 Rd8 27. b4 Ke7
28. a4 Nf7 29. Bg4 Rhh8 30. Re3 Nh6 31. Be2 Rhg8 32. d5 g4 33. c5 cxd5 34. exd5
Rxd5 35. Bc4 Re5 36. Rxe5 fxe5 37. Bd3 Kd7 38. Be4 Kc7 39. b5 b6 40. a5 bxc5
41. Kc4 Rd8 42. Kxc5 Rd4 43. b6+ Kb8 44. Bc6 Rd2 45. Bh1 Ra2 46. Rd1 axb6+ 47.
axb6 Rc2+ 48. Kd6 g3 49. Rg1 Rb2 50. b7 Nf5+ 51. Kxe5 Re2+ 52. Kf6 Rh2 53. Kg5
Nd4 54. Be4 Re2 55. Bg2 Re5+ 56. Kg4 Nf5 57. Ra1 Ne3+ 58. Kf4 1-0

[Event "Khanty-Mansiysk Governor Cup 12th"]
[Site "Khanty-Mansiysk"]
[Date "2016.11.24"]
[Round "8"]
[White "Volkov, Sergey"]
[Black "Rakhmanov, Alexander"]
[Result "1-0"]
[WhiteElo "2618"]
[BlackElo "2664"]
[PlyCount "147"]
[EventDate "2016.11.17"]
[EventType "swiss"]
[EventRounds "9"]
[EventCountry "RUS"]
[SourceTitle "CBM 175 Extra"]
[Source "ChessBase"]
[SourceDate "2016.12.12"]
[SourceVersion "1"]
[SourceVersionDate "2016.12.12"]
[SourceQuality "1"]

1. d4 d5 2. c4 e6 3. Nc3 Nf6 4. cxd5 exd5 5. Bg5 c6 6. e3 Bf5 7. Qf3 Bg6 8.
Bxf6 Qxf6 9. Qxf6 gxf6 10. Nf3 Nd7 11. Nh4 Be7 12. Ne2 f5 13. g3 Nf6 14. Bh3
Ng4 15. Nf4 Bd6 16. Ke2 a5 17. Kf3 Nh6 18. Bf1 Ng8 19. Bd3 Ne7 20. h3 Kd7 21.
Rag1 Rhg8 22. Bb1 Rg7 23. g4 fxg4+ 24. hxg4 Rag8 25. Rg3 Bxf4 26. Kxf4 Bxb1 27.
Rxb1 Ng6+ 28. Nxg6 Rxg6 29. Kf3 Rf6+ 30. Ke2 Rfg6 31. Rbg1 Ke7 32. a4 h6 33.
Kf3 Rf6+ 34. Kg2 Ra8 35. Rc1 Ra6 36. b3 Rb6 37. Rc3 Rb4 38. f4 b5 39. axb5 cxb5
40. Kf3 Ra6 41. g5 hxg5 42. Rxg5 a4 43. bxa4 bxa4 44. Rc7+ Kf8 45. Rf5 f6 46.
Rxd5 Rb8 47. Rh5 Kg8 48. Rhh7 Rba8 49. Rhg7+ Kh8 50. Rh7+ Kg8 51. Rcg7+ Kf8 52.
Rg6 f5 53. Rg5 a3 54. Rxf5+ Kg8 55. Rh1 a2 56. Ra1 Rh6 57. Rg5+ Kf7 58. Rg2
Rha6 59. f5 Ra4 60. Kf4 Ke7 61. e4 Kd6 62. Rg6+ Kd7 63. Rg7+ Kd6 64. e5+ Kc6
65. Rg6+ Kc7 66. Ke3 Rh8 67. f6 Rh3+ 68. Ke4 Rh4+ 69. Kf5 Rhxd4 70. Rg2 Rf4+
71. Ke6 Ra6+ 72. Kf7 Ra5 73. e6 Raf5 74. Rg6 1-0

[Event "Beirut op 9th"]
[Site "Beirut"]
[Date "2017.10.05"]
[Round "7"]
[White "Volkov, Sergey"]
[Black "Yilmaz, Mustafa"]
[Result "1-0"]
[WhiteElo "2638"]
[BlackElo "2633"]
[PlyCount "101"]
[EventDate "2017.09.30"]
[EventType "swiss"]
[EventRounds "9"]
[EventCountry "LBN"]
[SourceTitle "CBM 181 Extra"]
[Source "ChessBase"]
[SourceDate "2017.12.12"]
[SourceVersion "1"]
[SourceVersionDate "2017.12.12"]
[SourceQuality "1"]

1. d4 Nf6 2. c4 e6 3. Nc3 d5 4. cxd5 exd5 5. Bg5 c6 6. e3 Be7 7. Qc2 Nbd7 8.
Nf3 Nh5 9. h4 h6 10. Bxe7 Qxe7 11. O-O-O Ndf6 12. Ne5 Ng4 13. Nxg4 Bxg4 14. Re1
O-O-O 15. Bd3 Kb8 16. Kb1 Bc8 17. a3 g6 18. Na2 Rhe8 19. Nb4 Qd6 20. Ka1 Re7
21. Qa4 Ng7 22. Rc1 Rc7 23. Rc3 Ne6 24. Rhc1 Bd7 25. Qb3 Ka8 26. Be2 h5 27. g3
Be8 28. Bf3 f6 29. Bg2 Rdd7 30. Bh3 Bf7 31. Qc2 Re7 32. Nd3 Be8 33. b4 Kb8 34.
a4 g5 35. Nc5 g4 36. Bf1 Nxc5 37. bxc5 Qe6 38. a5 a6 39. Bd3 Qg8 40. Rb3 Kc8
41. Rcb1 Kd8 42. R1b2 Qg7 43. Qb1 Qf7 44. Rb4 Red7 45. Rb6 Re7 46. Bf5 Bd7 47.
Bg6 Qg7 48. Rxb7 Rxb7 49. Rxb7 Bc8 50. Qb6+ Rc7 51. Ra7 1-0